Pokémons Poissons - Statistiques

Statistiques générales
  • Ce quiz a été pris 70 fois
    63 depuis la dernière actualisation
  • Le résultat moyen est 17 sur 24
Statistiques - réponses
Hint Réponse % Correct
Gen 1 Magicarpe
98%
Gen 1 Poissirène
93%
Gen 1 Poissoroy
91%
Gen 3 Barpau
87%
Gen 4 Écayon
82%
Gen 5 Bargantua
80%
Gen 4 Luminéon
80%
Gen 3 Lovdisc
75%
Gen 2 Rémoraid
73%
Gen 7 Froussardine
67%
Gen 2 Lanturn
67%
Gen 2 Loupio
67%
Gen 5 Mamanbo
65%
Légend Paragruel
65%
Gen 2 Qwilfish
65%
Légend Qwilfish
65%
Gen 3 Carvanha
64%
Gen 7 Denticrisse
64%
Gen 3 Relicanth
62%
Gen 8 Embrochet
60%
Gen 8 Hastacuda
58%
Légend Qwilpik
55%
Gen 9 Délestin
49%
Gen 9 Yuyu
22%
Aucun quiz correspondant
Distribution des résultats
% des personnes avec chaque résultat
Percentile par nombre de réponses
Votre historique - résultats
Vous n’avez pas pris ce quiz depuis la dernière actualisation